000
00274nam a2200109Ia 4500
008
230907s9999||||xx |||||||||||||| ||und||
082
_a
155.937
_b
DYI
245
0
_a
Dying, death, and bereavement /
260
_a
McGraw-Hill Education,
_c
2017
300
_a
155 p.
942
_c
BK
999
_c
600875
_d
600875